Využívání rétoriky v ideologické práci strany /

Hlavní autor: Kubát, Václav
Korporativní autor: Vysoká škola politická ÚV KSČ
Jazyk: Čeština
Vydáno: [Praha] : Vysoká škola politická ÚV KSČ, 1984
Edice: Učební texty vysokých škol
Fyzický popis: 82 s.
Knihy
Uloženo v:
LEADER 00786nam a2200229 a 4500
001 000615812
003 CZ BrMZK
005 20040420143437.0
007 ta
008 020808s1984 xr f cze d
040 |a BOA001  |b cze  |c BOA001 
080 |a 82.085:329(075.8):378.632  |2 MRF 
100 1 |a Kubát, Václav  |4 aut 
245 1 0 |a Využívání rétoriky v ideologické práci strany /  |c Václav Kubát 
260 |a [Praha] :  |b Vysoká škola politická ÚV KSČ,  |c 1984 
300 |a 82 s. 
490 1 |a Učební texty vysokých škol 
710 2 |a Vysoká škola politická ÚV KSČ  |7 kn20010710075 
830 0 |a Učební texty vysokých škol 
910 |a BOA001  |b 2-0886.757 
990 |a BK 
996 6 |b 2619286516  |c 2-0886.757  |l MZK  |r Sklad / do 1 hodiny  |n 0  |w 000615812  |u 000010  |a 1  |e BOA001  |j MZK50  |s P